Budoucnost globálních plateb
Platby a platobné systémy, základný kameň vzťahov s klientami. Ako prilákať vkladateľov a zvýšiť účtovnú bilanciu a likviditu bánk. Regulačné opatrenia centrálnych bánk. Mobilné a online platby. Princíp bezkontaktných kariet NFC (Near Field Communication). Štandardné zavedenie ISO 20022 (Unified Fin...
Salvato in:
| Natura: | Capitolo di libro |
|---|---|
| Lingua: | ceco |
| Soggetti: | |
| Tags: |
Nessun Tag, puoi essere il primo ad aggiungerne!!
|
MARC
| LEADER | 00000naa$a2200000$$$4500 | ||
|---|---|---|---|
| 001 | 0100621 | ||
| 005 | 20231129092820.0 | ||
| 041 | 0 | |a cze | |
| 044 | |a CZ | ||
| 245 | 1 | 0 | |a Budoucnost globálních plateb |
| 520 | |a Platby a platobné systémy, základný kameň vzťahov s klientami. Ako prilákať vkladateľov a zvýšiť účtovnú bilanciu a likviditu bánk. Regulačné opatrenia centrálnych bánk. Mobilné a online platby. Princíp bezkontaktných kariet NFC (Near Field Communication). Štandardné zavedenie ISO 20022 (Unified Financial Industry Messaging Scheme/Univerzálny systém správ vo finančníctve). Nové technológie a investície do bezpečnostných prvkov. | ||
| 610 | 2 | 0 | |a banky |
| 610 | 2 | 0 | |a služby finančné |
| 610 | 2 | 0 | |a komunikácia elektronická |
| 610 | 2 | 0 | |a systémy platobné |
| 610 | 2 | 0 | |a karty čipové |
| 610 | 2 | 0 | |a bankovníctvo elektronické |